000 00817nam a2200229 i 4500
001 bg
100 1 _aBUDNA, Ewa
245 1 0 _aLeśnictwo 2004 /
_c[aut. oprac. Ewa Budna, Ludmiła Grzybowska, Marzena Żytecka-Karolak] ; Główny Urząd Statystyczny.
260 _aWarszawa :
_bGUS,
_c2004.
300 _a328 s.(głównie tabl.) :
_b1 mapa, rys., wykr. ;
_c29 cm.
490 1 _aInformacje i Opracowania Statystyczne,
_x1230-574X
650 9 _aLeśnictwo
_zPolska
_yStan na 2004 r.
700 1 _aGRZYBOWSKA, Ludmiła
700 1 _aŻYTECKA-KAROLAK, Marzena
710 _aGłówny Urząd Statystyczny
830 _aInformacje i Opracowania Statystyczne,
_x1230-574X
040 _cBPK
041 0 _apol
080 _a630(438)"1989/...":311.3(083.41)
942 _cKS
008 s pl f |000 0 pol
999 _c35458
_d35458
856 _uhttp://koha.tu.koszalin.pl/cgi-bin/koha/opac-detail.pl?biblionumber=35458
_yKatalog online BPK